[Event "Ljubljana-chT 74th"]
[Site "Ljubljana"]
[Date "2022.03.10"]
[Round "8.3"]
[White "Kampus, Andrej"]
[Black "Juhant, Igor"]
[Result "1/2-1/2"]
[WhiteElo "2013"]
[BlackElo "1990"]
[PlyCount "153"]
[EventDate "2022.01.13"]
[EventType "team-swiss"]
[EventRounds "9"]
[EventCountry "SLO"]
[SourceTitle "EXT 2024"]
[Source "ChessBase"]
[SourceDate "2023.10.10"]
[SourceVersion "1"]
[SourceVersionDate "2023.10.10"]
[SourceQuality "1"]
[WhiteTeam "Dol"]
[BlackTeam "Komenda Popotnik"]
[WhiteTeamCountry "SLO"]
[BlackTeamCountry "SLO"]

1. e4 c5 2. Nc3 a6 3. g3 d6 4. Bg2 g6 5. d3 Bg7 6. Be3 Nc6 7. Qd2 Nf6 8. h3 Bd7 9. f4 0-0 10. Nf3 b5 11. 0-0 Rc8 12. g4 c4 13. a3 cxd3 14. cxd3 Na5 15. Qf2 Rb8 16. e5 Ne8 17. Nd5 Nb3 18. Bb6 Rxb6 19. Qxb6 Qxb6+ 20. Nxb6 Be6 21. Rad1 Nc7 22. f5 gxf5 23. gxf5 Bxf5 24. Ng5 Bxe5 25. Nd5 Nxd5 26. Bxd5 Nd4 27. Be4 Bg6 28. Rd2 Kg7 29. Bxg6 hxg6 30. Nf3 Bf4 31. Rg2 Be3+ 32. Kh1 Rh8 33. Nxd4 Rxh3+ 34. Rh2 Rxh2+ 35. Kxh2 Bxd4 36. b3 f5 37. Rc1 Bb2 38. Rc6 Bxa3 39. Rxa6 b4 40. Rb6 g5 41. Kg2 Kf6 42. Kf3 Ke5 43. Ke2 g4 44. Rb8 e6 45. Rc8 Bb2 46. Re8 Bd4 47. Rg8 Bc5 48. Rg6 Kd5 49. Rg5 Bd4 50. Kd2 Be5 51. Rg8 Bf4+ 52. Ke2 Kd4 53. Rc8 d5 54. Rc6 Be5 55. Rxe6 f4 56. Rc6 f3+ 57. Kf2 Kxd3 58. Rg6 Bd4+ 59. Kf1 Kc2 60. Rxg4 Bc3 61. Kf2 d4 62. Kxf3 Kxb3 63. Ke4 Ka3 64. Kd3 b3 65. Rg2 b2 66. Kc2 Ka2 67. Rg1 Bb4 68. Rd1 Bc5 69. Rh1 Bd6 70. Rf1 Bf4 71. Rd1 Be3 72. Rh1 Bc1 73. Rxc1 d3+ 74. Kd2 bxc1Q+ 75. Kxc1 Kb3 76. Kd2 Kc4 77. Kd1 1/2-1/2

[Event "SLO-chT1 West 29th"]
[Site "Slovenia"]
[Date "2019.10.18"]
[Round "7.1"]
[White "Juhant, Igor"]
[Black "Furlan, Miha"]
[Result "0-1"]
[WhiteElo "2000"]
[BlackElo "2327"]
[PlyCount "106"]
[EventDate "2019.09.20"]
[EventType "team-tourn"]
[EventRounds "9"]
[EventCountry "SLO"]
[SourceTitle "CBM 192 Extra"]
[Source "Chessbase"]
[SourceDate "2019.11.06"]
[SourceVersion "1"]
[SourceVersionDate "2019.11.06"]
[SourceQuality "1"]
[WhiteTeam "Komenda"]
[BlackTeam "Trebnje BMP"]
[WhiteTeamCountry "SLO"]
[BlackTeamCountry "SLO"]

1. e4 e6 2. d4 d5 3. Nc3 Bb4 4. e5 c5 5. a3 Bxc3+ 6. bxc3 Qc7 7. Nf3 Ne7 8. Bd3 h6 9. h4 b6 10. 0-0 Ba6 11. Bxa6 Nxa6 12. Qe2 Nb8 13. c4 dxc4 14. Qxc4 Nd7 15. c3 0-0 16. Be3 Rac8 17. Rfd1 Nd5 18. Qd3 cxd4 19. cxd4 Qc4 20. Rac1 Qxd3 21. Rxd3 Rxc1+ 22. Bxc1 Rc8 23. Bd2 b5 24. g3 N7b6 25. Rb3 a6 26. Kf1 Rc2 27. Ke2 Ra2 28. Ke1 Kf8 29. Bc1 Rc2 30. Bd2 Nc4 31. Bb4+ Nxb4 32. axb4 Ke7 33. d5 exd5 34. Rd3 Rb2 35. Rxd5 Rxb4 36. Nd4 Rb1+ 37. Ke2 g6 38. Rc5 Rb2+ 39. Ke1 Kd7 40. f4 h5 41. Rd5+ Kc7 42. e6 fxe6 43. Nxe6+ Kc6 44. Rg5 a5 45. Nd4+ Kb6 46. Rxg6+ Kc5 47. Nf3 a4 48. Rg5+ Kb4 49. Nd4 a3 50. Rxb5+ Kc3 51. Ne2+ Kd3 52. Rd5+ Ke3 53. Nc3 a2 0-1

[Event "SLO-chT1 West 29th"]
[Site "Slovenia"]
[Date "2019.09.29"]
[Round "6.3"]
[White "Praznik, Anton"]
[Black "Juhant, Igor"]
[Result "1-0"]
[WhiteElo "2190"]
[BlackElo "2000"]
[PlyCount "101"]
[EventDate "2019.09.20"]
[EventType "team-tourn"]
[EventRounds "9"]
[EventCountry "SLO"]
[SourceTitle "CBM 192 Extra"]
[Source "Chessbase"]
[SourceDate "2019.11.06"]
[SourceVersion "1"]
[SourceVersionDate "2019.11.06"]
[SourceQuality "1"]
[WhiteTeam "Vrhnika"]
[BlackTeam "Komenda"]
[WhiteTeamCountry "SLO"]
[BlackTeamCountry "SLO"]

1. e4 c6 2. d4 d5 3. e5 Bf5 4. Ne2 e6 5. h4 h6 6. Nd2 c5 7. c3 Nd7 8. Nb3 cxd4 9. Nexd4 Bh7 10. f4 Ne7 11. Bd3 Bxd3 12. Qxd3 a6 13. Be3 Nc6 14. Nf3 Be7 15. Bf2 Qc7 16. Qe3 g6 17. 0-0 h5 18. a4 0-0 19. Ng5 Bxg5 20. hxg5 Kg7 21. g3 Rac8 22. Kg2 Rh8 23. Rh1 Ne7 24. Qf3 Nf5 25. Nd4 Nxd4 26. Bxd4 Nc5 27. f5 gxf5 28. Bxc5 Qxc5 29. Rh4 Qe7 30. Rah1 Qxg5 31. Rxh5 Rxh5 32. Rxh5 Qd2+ 33. Kh3 Rh8 34. Rxh8 Kxh8 35. c4 Kg7 36. Qb3 dxc4 37. Qxc4 Qd5 38. Qc1 Kg6 39. Kh4 Qe4+ 40. Kh3 Qxe5 41. Qc8 Kg7 42. Qxb7 Qe4 43. Qxe4 fxe4 44. b4 e3 45. Kg2 Kf6 46. a5 Ke5 47. b5 Kd4 48. Kf1 Kc3 49. Ke2 axb5 50. a6 b4 51. a7 1-0

[Event "SLO-chT1 West 29th"]
[Site "Slovenia"]
[Date "2019.09.21"]
[Round "2.1"]
[White "Bulatovic, Milorad"]
[Black "Juhant, Igor"]
[Result "0-1"]
[WhiteElo "1896"]
[BlackElo "2000"]
[PlyCount "106"]
[EventDate "2019.09.20"]
[EventType "team-tourn"]
[EventRounds "9"]
[EventCountry "SLO"]
[SourceTitle "CBM 192 Extra"]
[Source "Chessbase"]
[SourceDate "2019.11.06"]
[SourceVersion "1"]
[SourceVersionDate "2019.11.06"]
[SourceQuality "1"]
[WhiteTeam "Kranj Stari Mayr"]
[BlackTeam "Komenda"]
[WhiteTeamCountry "SLO"]
[BlackTeamCountry "SLO"]

1. d3 d5 2. e4 dxe4 3. dxe4 Qxd1+ 4. Kxd1 e5 5. Be3 Be6 6. Nd2 Nd7 7. c3 Bc5 8. Bxc5 Nxc5 9. b4 Na4 10. Kc2 0-0-0 11. Ngf3 f6 12. Bb5 Nb6 13. a4 c6 14. Bd3 Ne7 15. a5 Na8 16. Bc4 Nc7 17. Rhd1 g5 18. h3 h5 19. Bxe6+ Nxe6 20. Nc4 Kc7 21. g3 Nc8 22. h4 Nd6 23. Nxd6 Rxd6 24. Rxd6 Kxd6 25. Rd1+ Ke7 26. Re1 g4 27. Nd2 Nd8 28. Nc4 Nf7 29. Re3 Nd6 30. Nd2 Re8 31. f3 f5 32. c4 f4 33. Re1 gxf3 34. gxf4 exf4 35. e5 Nf5 36. Nxf3 Rg8 37. Kd3 Ne3 38. c5 Kd7 39. Ke4 Ke7 40. Rb1 Nd5 41. Rb3 Rg2 42. b5 Re2+ 43. Kf5 Re3 44. Rxe3 fxe3 45. bxc6 bxc6 46. Kg5 e2 47. Kxh5 Nf4+ 48. Kg4 Nd3 49. Kf5 Nxc5 50. h5 Ne6 51. h6 Nd4+ 52. Kf4 Nxf3 53. h7 Nxe5 0-1

[Event "SLO-chT2 West"]
[Site "Komenda"]
[Date "2018.11.24"]
[Round "6.1"]
[White "Juhant, Igor"]
[Black "Siraj, Anej"]
[Result "1-0"]
[WhiteElo "1987"]
[BlackElo "1905"]
[PlyCount "59"]
[EventDate "2018.11.10"]
[EventType "team-tourn"]
[EventRounds "7"]
[EventCountry "SLO"]
[SourceTitle "EXT 2020"]
[Source "ChessBase"]
[SourceDate "2019.10.17"]
[SourceVersion "1"]
[SourceVersionDate "2019.10.17"]
[SourceQuality "1"]
[WhiteTeam "Komenda SK II"]
[BlackTeam "Vrhnika II"]
[WhiteTeamCountry "SLO"]
[BlackTeamCountry "SLO"]

1. e4 c5 2. Nf3 d6 3. d4 cxd4 4. Nxd4 Nf6 5. Nc3 g6 6. Be3 Bg7 7. f3 0-0 8. Qd2 Nc6 9. 0-0-0 Bd7 10. g4 Ne5 11. h4 h5 12. gxh5 Nxh5 13. Rg1 Rc8 14. Kb1 Re8 15. f4 Ng4 16. f5 Nxe3 17. Qxe3 Qa5 18. fxg6 f5 19. Be2 f4 20. Qd2 Ng3 21. Qxf4 Nxe2 22. Qf7+ Kh8 23. Ncxe2 Rf8 24. Qxe7 Ba4 25. Rg5 Rc5 26. Ne6 Bxc2+ 27. Ka1 Bxb2+ 28. Kxb2 Rb5+ 29. Ka1 Qd2 30. Qh7# 1-0

[Event "SLO-chT2 West"]
[Site "Komenda"]
[Date "2018.11.11"]
[Round "3.1"]
[White "Juhant, Igor"]
[Black "Buha, Drago"]
[Result "0-1"]
[WhiteElo "1987"]
[BlackElo "1950"]
[PlyCount "80"]
[EventDate "2018.11.10"]
[EventType "team-tourn"]
[EventRounds "7"]
[EventCountry "SLO"]
[SourceTitle "EXT 2020"]
[Source "ChessBase"]
[SourceDate "2019.10.17"]
[SourceVersion "1"]
[SourceVersionDate "2019.10.17"]
[SourceQuality "1"]
[WhiteTeam "Komenda SK II"]
[BlackTeam "Radovljica"]
[WhiteTeamCountry "SLO"]
[BlackTeamCountry "SLO"]

1. e4 d6 2. c4 Nf6 3. Nc3 e5 4. Nf3 Nc6 5. d4 exd4 6. Nxd4 Bd7 7. Be2 Be7 8. 0-0 0-0 9. Be3 h6 10. f4 Nh7 11. Nd5 Nf6 12. Bf3 Nxd4 13. Bxd4 Bc6 14. Qd2 Bxd5 15. cxd5 c5 16. Bc3 Qd7 17. Qf2 Ne8 18. Qg3 b5 19. b3 a5 20. e5 Ra7 21. Rad1 Qd8 22. Be4 Qc8 23. e6 f5 24. Bb1 Kh7 25. Qh3 g6 26. g4 Bf6 27. Bxf6 Nxf6 28. gxf5 c4 29. fxg6+ Kg7 30. Qe3 Re7 31. Qb6 Rd8 32. Qxb5 c3 33. Bc2 Qc7 34. Rf3 Qa7+ 35. Kg2 Rc8 36. f5 Rc5 37. Qd3 Qb7 38. Qd4 Rec7 39. Kg3 Rxd5 40. Qf2 Rxd1 0-1

[Event "SLO-chT2 West"]
[Site "Komenda"]
[Date "2018.11.11"]
[Round "4.1"]
[White "Skoberne, Jure"]
[Black "Juhant, Igor"]
[Result "1-0"]
[WhiteElo "2572"]
[BlackElo "1987"]
[PlyCount "43"]
[EventDate "2018.11.10"]
[EventType "team-tourn"]
[EventRounds "7"]
[EventCountry "SLO"]
[SourceTitle "EXT 2020"]
[Source "ChessBase"]
[SourceDate "2019.10.17"]
[SourceVersion "1"]
[SourceVersionDate "2019.10.17"]
[SourceQuality "1"]
[WhiteTeam "Posocje"]
[BlackTeam "Komenda SK II"]
[WhiteTeamCountry "SLO"]
[BlackTeamCountry "SLO"]

1. Nf3 Nf6 2. g3 c5 3. Bg2 Nc6 4. 0-0 e5 5. d3 Be7 6. e4 0-0 7. Nc3 d6 8. h3 a6 9. Nh2 b5 10. Ng4 Nxg4 11. hxg4 Nd4 12. Nd5 Rb8 13. f4 Bb7 14. g5 f6 15. Bh3 Bc8 16. Bxc8 Rxc8 17. c3 Nc6 18. Qg4 exf4 19. g6 f5 20. exf5 Ne5 21. Qh5 h6 22. Bxf4 1-0

[Event "SLO-chT Central 18th"]
[Site "Slovenia"]
[Date "2017.10.05"]
[Round "4.4"]
[White "Juhant, Igor"]
[Black "Tansek, Branko"]
[Result "1-0"]
[WhiteElo "1976"]
[BlackElo "1566"]
[PlyCount "47"]
[EventDate "2017.09.14"]
[EventType "team-tourn"]
[EventRounds "7"]
[EventCountry "SLO"]
[SourceTitle "EXT 2019"]
[Source "ChessBase"]
[SourceDate "2018.10.10"]
[SourceVersion "1"]
[SourceVersionDate "2018.10.10"]
[SourceQuality "1"]
[WhiteTeam "Komenda Popotnik"]
[BlackTeam "Klinicni Center"]
[WhiteTeamCountry "SLO"]
[BlackTeamCountry "SLO"]

1. e4 c5 2. Nf3 d6 3. d4 cxd4 4. Nxd4 Nf6 5. Nc3 a6 6. h3 e6 7. g4 h6 8. g5 hxg5 9. Bxg5 Be7 10. Qd2 Bd7 11. 0-0-0 Nc6 12. Rg1 Nxd4 13. Qxd4 e5 14. Qe3 Bc6 15. Bc4 b5 16. Bxf6 Bxf6 17. Bd5 Bxd5 18. Nxd5 g6 19. Qc3 0-0 20. Kb1 Rc8 21. Qf3 Kg7 22. Nxf6 Qxf6 23. Qxf6+ Kxf6 24. Rxd6+ 1-0

[Event "SLO-chT Central Superliga 17th"]
[Site "Slovenia"]
[Date "2016.11.17"]
[Round "8.3"]
[White "Juhant, Igor"]
[Black "Janzelj, Lara"]
[Result "1/2-1/2"]
[WhiteElo "1964"]
[BlackElo "2095"]
[PlyCount "118"]
[EventDate "2016.09.22"]
[EventType "team-tourn"]
[EventRounds "9"]
[EventCountry "SLO"]
[SourceTitle "EXT 2023"]
[Source "ChessBase"]
[SourceDate "2022.10.05"]
[SourceVersion "1"]
[SourceVersionDate "2022.10.05"]
[SourceQuality "1"]
[WhiteTeam "Komenda Popotnik"]
[BlackTeam "Ig"]
[WhiteTeamCountry "SLO"]
[BlackTeamCountry "SLO"]

1. e4 d6 2. Nf3 Nf6 3. Nc3 e5 4. h3 Be7 5. Be2 0-0 6. d4 Nbd7 7. 0-0 c6 8. Be3 b5 9. a3 a6 10. Re1 Qc7 11. Nh2 Re8 12. Ng4 Rb8 13. dxe5 dxe5 14. Nxf6+ Nxf6 15. Bf3 Be6 16. b3 Rbd8 17. Qe2 Rd7 18. Red1 Red8 19. a4 Qa5 20. Rxd7 Rxd7 21. Nb1 c5 22. Bd2 Qb6 23. axb5 axb5 24. Ra8+ Bf8 25. b4 Qb7 26. Ra5 Bc4 27. Qe1 Qb6 28. Be3 Qc6 29. bxc5 Nxe4 30. Nc3 f5 31. Nxe4 fxe4 32. Bg4 Rd8 33. Qc3 Bxc5 34. Bxc5 Qxc5 35. Be6+ Kf8 36. Bxc4 Qxc4 37. Qxe5 Qd5 38. Rxb5 Qxe5 39. Rxe5 Rc8 40. Rxe4 Rxc2 41. g4 Kf7 42. Re5 g6 43. Rb5 Kf6 44. Kg2 g5 45. h4 h6 46. Rb6+ Kg7 47. Rb7+ Kf6 48. h5 Rc6 49. Rh7 Ke5 50. Kg3 Rf6 51. Re7+ Kd5 52. f3 Rf8 53. Kf2 Ra8 54. Rb7 Ra6 55. Re7 Rf6 56. Ra7 Rb6 57. f4 Rb2+ 58. Ke3 Rb3+ 59. Kf2 Rb2+ 1/2-1/2

[Event "Ljubljana-chT 69th Superliga"]
[Site "Ljubljana"]
[Date "2016.01.28"]
[Round "3.3"]
[White "Bratko, Ivan"]
[Black "Juhant, Igor"]
[Result "1/2-1/2"]
[WhiteElo "2205"]
[BlackElo "1951"]
[PlyCount "126"]
[EventDate "2016.01.14"]
[EventType "team-tourn"]
[EventRounds "9"]
[EventCountry "SLO"]
[SourceTitle "EXT 2022"]
[Source "ChessBase"]
[SourceDate "2021.10.06"]
[SourceVersion "1"]
[SourceVersionDate "2021.10.06"]
[SourceQuality "1"]
[WhiteTeam "Mentor"]
[BlackTeam "Komenda Popotnik"]
[WhiteTeamCountry "SLO"]
[BlackTeamCountry "SLO"]

1. Nf3 Nf6 2. g3 c5 3. Bg2 Nc6 4. 0-0 d5 5. d3 e6 6. Nbd2 Be7 7. e4 0-0 8. e5 Nd7 9. Re1 Qc7 10. Qe2 f5 11. exf6 Nxf6 12. c3 Re8 13. d4 Bd7 14. Ne5 cxd4 15. Nxd7 Qxd7 16. Bh3 Nd8 17. cxd4 Bb4 18. a3 Bxd2 19. Bxd2 Ne4 20. Bf4 Rc8 21. Rad1 Rc6 22. Bg2 Nd6 23. Qg4 Qf7 24. h4 Nc4 25. Re2 Rb6 26. Bc1 Nc6 27. Rde1 h5 28. Qg5 Nxd4 29. Re3 Nxe3 30. Bxe3 Nc2 31. Re2 Nxe3 32. Rxe3 Rxb2 33. Rf3 Qe7 34. Qxh5 Rf8 35. Bh3 Rxf3 36. Qxf3 Rb6 37. Bf1 Rd6 38. Bd3 e5 39. Bf5 e4 40. Qh5 Rh6 41. Qg4 Qe5 42. h5 Rf6 43. Bg6 Qe6 44. Qg5 d4 45. Qc5 e3 46. fxe3 Qxe3+ 47. Kh2 Rf2+ 48. Kh3 Qe6+ 49. Kh4 d3 50. Qxf2 Qd7 51. Bf5 Qd5 52. Bg4 d2 53. Qe2 Qh1+ 54. Qh2 d1Q 55. Bxd1 Qxd1 56. Qa2+ Kh7 57. Qf7 Qh1+ 58. Kg4 Qe4+ 59. Kh3 a5 60. g4 Qh1+ 61. Kg3 Qg1+ 62. Kh4 Qh2+ 63. Kg5 Qe5+ 1/2-1/2

[Event "SLO-chT Central Superliga 16th"]
[Site "Slovenia"]
[Date "2015.10.15"]
[Round "4.3"]
[White "Jelen, Miha"]
[Black "Juhant, Igor"]
[Result "0-1"]
[WhiteElo "1748"]
[BlackElo "1995"]
[PlyCount "48"]
[EventDate "2015.09.10"]
[EventType "team-tourn"]
[EventRounds "9"]
[EventCountry "SLO"]
[SourceTitle "EXT 2022"]
[Source "ChessBase"]
[SourceDate "2021.10.06"]
[SourceVersion "1"]
[SourceVersionDate "2021.10.06"]
[SourceQuality "1"]
[WhiteTeam "Ig"]
[BlackTeam "Komenda Popotnik"]
[WhiteTeamCountry "SLO"]
[BlackTeamCountry "SLO"]

1. e4 c6 2. d4 d5 3. Nc3 dxe4 4. Nxe4 Nd7 5. Bd3 Ngf6 6. Ng5 e6 7. Ne2 h6 8. Nf3 Bd6 9. Bf4 Bxf4 10. Nxf4 Qc7 11. Ne2 0-0 12. 0-0 c5 13. c3 b6 14. Ng3 Bb7 15. Re1 Rfd8 16. Qe2 Rac8 17. Rad1 Nd5 18. Ne4 Nf4 19. Qc2 cxd4 20. Nxd4 Nxd3 21. Qxd3 Nc5 22. Qc2 Nxe4 23. Rxe4 Bxe4 24. Qxe4 e5 0-1

[Event "SLO-chT Central Superliga 16th"]
[Site "Slovenia"]
[Date "2015.09.17"]
[Round "2.3"]
[White "Bajec, Borut"]
[Black "Juhant, Igor"]
[Result "1/2-1/2"]
[WhiteElo "1790"]
[BlackElo "1995"]
[PlyCount "68"]
[EventDate "2015.09.10"]
[EventType "team-tourn"]
[EventRounds "9"]
[EventCountry "SLO"]
[SourceTitle "EXT 2022"]
[Source "ChessBase"]
[SourceDate "2021.10.06"]
[SourceVersion "1"]
[SourceVersionDate "2021.10.06"]
[SourceQuality "1"]
[WhiteTeam "Trzin Buscotrade"]
[BlackTeam "Komenda Popotnik"]
[WhiteTeamCountry "SLO"]
[BlackTeamCountry "SLO"]

1. d4 Nf6 2. c4 e6 3. Nc3 Bb4 4. Bg5 c5 5. dxc5 Qa5 6. Bxf6 gxf6 7. Rc1 Qxa2 8. Qc2 Qxc4 9. e3 Qxc5 10. Nf3 Bxc3+ 11. bxc3 Nc6 12. Be2 b5 13. 0-0 b4 14. Qb2 bxc3 15. Rxc3 Qb4 16. Rb3 Qe7 17. Ng5 0-0 18. Ne4 Kg7 19. f4 d5 20. Ng3 Kh8 21. Rc1 Na5 22. Rb5 Nc4 23. Bxc4 dxc4 24. Nh5 e5 25. fxe5 Be6 26. Nxf6 Qd8 27. Qf2 Qd3 28. e4 Rfd8 29. Nd5 Bxd5 30. exd5 Rxd5 31. Qf6+ Kg8 32. Qg5+ Kf8 33. Qh6+ Kg8 34. Qg5+ Kf8 1/2-1/2